00878nam a2200253Ia 450000500170000000800410001702000180005804100120007608200160008810000210010424500730012526000350019830000210023344000450025465000170029965000250031665000250034165000160036670000210038270000210040394200070042499900170043195201760044820260429111954.0260429s9999||||xx |||||||||||||| ||und|| a9783110779813 aEnglish a519.23bASI aAscione, Giacomo 0aFractional deterministic and stochastic calculus / cGiacomo Ascione aGermany : bDe Gruyter,c2024. axvii, 443 p.; hb aSeries in probability and stochastics; 4 a Probability a Stochastic analysis a Stochastic calculus aMathematics a Mishura, Yuliya a Pirozzi, Enrica cTB c51691d51691 001040708NFICaCUTNbCUTNc500d2026-04-29eFeel Books, Chennai - Invoice No. BRL/CRB/25-26/568 on 13-02-2026l0o519.23 ASIp56719r2026-04-29 11:19:54w2026-04-29yTB